00247nam a2200097Ia 4500100002900000654000900029245005600038260002900094082001400123546001200137 aSantacruz operation Inc  aunix aSCO Unix system v Operating system users reference bSantacruz Operation Inc. a5.43bSCO aENGLISH